Cómo motivar a sus alumnos
Saved in:
| Main Authors: | , , |
|---|---|
| Format: | Bog |
| Sprog: | spansk |
| Udgivet: |
Barcelona
Ceac
1984
|
| Serier: | Aula Práctica
|
| Fag: | |
| Tags: |
Tilføj Tag
Ingen Tags, Vær først til at tagge denne postø!
|
MARC
| LEADER | 00000nam a2200000 a 4500 | ||
|---|---|---|---|
| 001 | UCX8048 | ||
| 003 | CL-VaPUC | ||
| 008 | 940120e19840000SP |||||||||||||||||spa|d | ||
| 082 | 0 | 4 | |a 370.154 |b DRE |2 21 |
| 100 | 0 | |a Drew, Walter F |e author |9 325068 | |
| 700 | 0 | |a Olds, Anita R |e author |9 325069 | |
| 700 | 0 | |a Olds, Henry F |e author |9 325070 | |
| 245 | 1 | 0 | |a Cómo motivar a sus alumnos |
| 300 | |a 96 p | ||
| 942 | |c BK | ||
| 945 | |d 19940120 00:00:00 |a rbrito | ||
| 260 | |a Barcelona |b Ceac |c 1984 | ||
| 650 | 0 | |a Psicología del aprendizaje |9 306854 | |
| 650 | 0 | |a Motivación en educación |9 307828 | |
| 583 | |a last modification |c 19940120 00:00:00 |k Rodrigo Vera | ||
| 490 | 0 | |a Aula Práctica | |
| 999 | |c 227675 |d 227673 | ||
| 952 | |0 0 |1 0 |4 0 |6 370_154000000000000_DRE_1984 |7 0 |8 A |9 226841 |a BIBEDU |b BIBEDU |d 2019-11-15 |i 2948583 |o 370.154 DRE 1984 |p 2948583 |r 2019-11-15 |w 2019-11-15 |y BK |k EDU | ||